[Event "AUT-chT2O 2122"]
[Site "Austria"]
[Date "2022.03.12"]
[Round "8.1"]
[White "Loeffler, Stefan"]
[Black "Stanec, Nikolaus"]
[Result "1/2-1/2"]
[WhiteElo "2317"]
[BlackElo "2477"]
[PlyCount "53"]
[EventDate "2021.10.16"]
[EventType "team-tourn"]
[EventRounds "11"]
[EventCountry "AUT"]
[SourceTitle "EXT 2024"]
[Source "ChessBase"]
[SourceDate "2023.10.10"]
[SourceVersion "1"]
[SourceVersionDate "2023.10.10"]
[SourceQuality "1"]
[WhiteTeam "Poechlarn"]
[BlackTeam "Donaustadt"]
[WhiteTeamCountry "AUT"]
[BlackTeamCountry "AUT"]

1. d4 Nf6 2. c4 e6 3. Nf3 Bb4+ 4. Bd2 Qe7 5. g3 Bxd2+ 6. Qxd2 d6 7. Bg2 e5 8. Nc3 c6 9. e4 Bg4 10. 0-0 Bxf3 11. Bxf3 0-0 12. Bg2 Nbd7 13. f4 a6 14. c5 dxc5 15. dxe5 Ne8 16. Rfd1 Nb6 17. a4 a5 18. Qc2 Nc7 19. Qb3 Ra6 20. Ne2 Ne6 21. Qc3 c4 22. Rd6 Nc5 23. Nd4 Qc7 24. Nf5 Nbxa4 25. Qxc4 Qb6 26. Kh1 Qxb2 27. Rdd1 1/2-1/2

[Event "AUT-chT2O 2122"]
[Site "Austria"]
[Date "2022.02.27"]
[Round "7.1"]
[White "Stanec, Nikolaus"]
[Black "Peyrer, Konstantin"]
[Result "1/2-1/2"]
[WhiteElo "2477"]
[BlackElo "2300"]
[PlyCount "45"]
[EventDate "2021.10.16"]
[EventType "team-tourn"]
[EventRounds "11"]
[EventCountry "AUT"]
[SourceTitle "EXT 2023"]
[Source "ChessBase"]
[SourceDate "2022.10.05"]
[SourceVersion "1"]
[SourceVersionDate "2022.10.05"]
[SourceQuality "1"]
[WhiteTeam "Donaustadt"]
[BlackTeam "Ottakring"]
[WhiteTeamCountry "AUT"]
[BlackTeamCountry "AUT"]

1. d4 f5 2. g3 Nf6 3. Bg2 g6 4. c3 Bg7 5. h4 0-0 6. Nh3 d5 7. Nf4 Qd6 8. Nd3 Nh5 9. Bf3 Nd7 10. Bxh5 gxh5 11. Bf4 Qb6 12. Qb3 Qxb3 13. axb3 c5 14. e3 b6 15. Nd2 a5 16. Nf3 c4 17. Nc1 Ba6 18. Be5 Bh6 19. Bf4 Bg7 20. Be5 Bh6 21. Ng5 Rfc8 22. bxc4 dxc4 23. f4 1/2-1/2

[Event "AUT-chT2O 2122"]
[Site "Austria"]
[Date "2022.02.26"]
[Round "6.1"]
[White "Bauer, Thomas"]
[Black "Stanec, Nikolaus"]
[Result "1/2-1/2"]
[WhiteElo "2201"]
[BlackElo "2477"]
[PlyCount "65"]
[EventDate "2021.10.16"]
[EventType "team-tourn"]
[EventRounds "11"]
[EventCountry "AUT"]
[SourceTitle "EXT 2023"]
[Source "ChessBase"]
[SourceDate "2022.10.05"]
[SourceVersion "1"]
[SourceVersionDate "2022.10.05"]
[SourceQuality "1"]
[WhiteTeam "Krems Voest"]
[BlackTeam "Donaustadt"]
[WhiteTeamCountry "AUT"]
[BlackTeamCountry "AUT"]

1. e4 c6 2. Nc3 g6 3. Qe2 e5 4. f4 d6 5. Nf3 Bg7 6. d3 Ne7 7. Qf2 Qb6 8. fxe5 Qxf2+ 9. Kxf2 dxe5 10. Be3 0-0 11. Be2 Nd7 12. h3 b5 13. Rhf1 Bb7 14. Nd2 a5 15. a4 b4 16. Ncb1 c5 17. Nb3 f5 18. Kg1 fxe4 19. Rxf8+ Bxf8 20. N1d2 Nf5 21. Bg5 exd3 22. Bxd3 h6 23. Bb5 hxg5 24. Bxd7 Ne3 25. Re1 Nxg2 26. Rxe5 Nf4 27. Nc4 Rd8 28. Bg4 Bd5 29. Nbxa5 Bg7 30. Re7 Bf6 31. Re1 Bd4+ 32. Kh2 Kf7 33. b3 1/2-1/2

[Event "AUT-chT2O 2122"]
[Site "Austria"]
[Date "2021.10.17"]
[Round "2.1"]
[White "Baumegger, Siegfried"]
[Black "Stanec, Nikolaus"]
[Result "1-0"]
[WhiteElo "2453"]
[BlackElo "2477"]
[PlyCount "79"]
[EventDate "2021.10.16"]
[EventType "team-tourn"]
[EventRounds "11"]
[EventCountry "AUT"]
[SourceTitle "CBM 204 Extra"]
[Source "ChessBase"]
[SourceDate "2021.11.30"]
[SourceVersion "1"]
[SourceVersionDate "2021.11.30"]
[SourceQuality "1"]
[WhiteTeam "Tschaturanga"]
[BlackTeam "Donaustadt"]
[WhiteTeamCountry "AUT"]
[BlackTeamCountry "AUT"]

1. Nf3 Nf6 2. c4 e6 3. b3 d5 4. Bb2 Be7 5. e3 0-0 6. Nc3 c5 7. cxd5 exd5 8. d4 Nc6 9. Be2 Bg4 10. dxc5 Bxc5 11. 0-0 a6 12. Rc1 Ba7 13. h3 Be6 14. Bd3 d4 15. exd4 Nxd4 16. Ne4 Nxf3+ 17. Qxf3 Bd4 18. Bxd4 Qxd4 19. Nxf6+ Qxf6 20. Qxb7 a5 21. Bc4 a4 22. Qe4 axb3 23. axb3 Bxc4 24. bxc4 Rac8 25. c5 Rc6 26. Rfd1 Rfc8 27. Rd5 g6 28. Re5 Kg7 29. g4 h6 30. Rc3 Re6 31. Rxe6 Qxc3 32. Rc6 Rb8 33. Rb6 Rd8 34. Rxg6+ Kf8 35. Rd6 Re8 36. Qd4 Qxh3 37. Qh8+ Ke7 38. Qf6+ Kf8 39. Qxh6+ Qxh6 40. Rxh6 1-0

[Event "Vienna State-ch"]
[Site "Vienna"]
[Date "2021.09.18"]
[Round "1"]
[White "Stanec, Nikolaus"]
[Black "Schlosser, Philipp"]
[Result "1/2-1/2"]
[WhiteElo "2484"]
[BlackElo "2507"]
[PlyCount "31"]
[EventDate "2021.09.18"]
[EventType "tourn"]
[EventRounds "9"]
[EventCountry "AUT"]
[EventCategory "6"]
[SourceTitle "CBM 204 Extra"]
[Source "ChessBase"]
[SourceDate "2021.11.30"]
[SourceVersion "1"]
[SourceVersionDate "2021.11.30"]
[SourceQuality "1"]

1. Nf3 d5 2. c4 d4 3. b4 f6 4. e4 e5 5. a3 a5 6. b5 Be6 7. d3 a4 8. Be2 Nd7 9. Nbd2 Nc5 10. Rb1 Nh6 11. 0-0 g6 12. Ne1 Bg7 13. Ndf3 Nb3 14. Nd2 Nc5 15. Ndf3 Nb3 16. Nd2 1/2-1/2

[Event "Graz op-A"]
[Site "Graz"]
[Date "2020.02.21"]
[Round "9"]
[White "Stanec, Nikolaus"]
[Black "Banzea, Alexandru Bogdan"]
[Result "0-1"]
[WhiteElo "2520"]
[BlackElo "2368"]
[PlyCount "74"]
[EventDate "2020.02.14"]
[EventType "swiss"]
[EventRounds "9"]
[EventCountry "AUT"]
[SourceTitle "CBM 195 Extra"]
[Source "ChessBase"]
[SourceDate "2020.05.31"]
[SourceVersion "1"]
[SourceVersionDate "2020.05.31"]
[SourceQuality "1"]

1. Nf3 Nf6 2. c4 g6 3. Nc3 Bg7 4. g3 0-0 5. Bg2 d6 6. d4 Nc6 7. 0-0 e5 8. dxe5 dxe5 9. h3 Be6 10. b3 Qc8 11. Ng5 Rd8 12. Bd2 Bd7 13. Kh2 h6 14. Nge4 Nxe4 15. Nxe4 f5 16. Nc3 Be6 17. Bd5 Ne7 18. Bxe6+ Qxe6 19. Qc1 Kh7 20. Rd1 c6 21. Qc2 e4 22. Rac1 Bd4 23. e3 Be5 24. Ne2 g5 25. Bc3 Bc7 26. Rxd8 Rxd8 27. Rd1 Rxd1 28. Qxd1 c5 29. Kg2 Ng6 30. Ba1 f4 31. Nc3 Be5 32. Nd5 Nh4+ 33. Kh2 Nf3+ 34. Kg2 Nh4+ 35. Kh2 fxg3+ 36. fxg3 Qf5 37. Kg1 Qxh3 0-1